000 00495nam a2200205Ia 4500
005 20240913125907.0
008 240913s9999||||xx |||||||||||||| ||und||
020 _a81-87134-80-1
041 _aENGLISH
082 _A547.758014 Q2
100 _aSatyanarayana U
245 0 _aBiochemistry
250 _a3rd
260 _c2012
_bBooks and Allied,Kolkata
500 _aREFERENCE
650 _aBiochemistry
_bBio Medical Engg.
700 _a Chakrapani U
942 _cREF
999 _c246497
_d246497